=LDR 00000nam 2200000 4500 =001 INLIS000000000020323 =005 20130612115301 =008 ***********************************Ind** =035 ##$$0010-061300000020323 =041 ##$$a Ind =082 ##$$a 808.83 =090 ##$$a 808.83, Ban p =100 ##$$a Banua, Raudal Tanjung =245 ##$$a Parang tak berbulu, Raudal Tanjung Banua =260 ##$$a 2005 $b Jakarta =300 ##$$a 182 hlm, 21 cm =650 ##$$a Cerita pendek-kumpulan =850 ##$$a NBPNMAT =990 ##$$a 2090101153/BPAP-NTB/2015